01122 2200241 4500001002100000005001500021035002000036001002100056005001500077035002000092035002000112245010900132100002100241250001700262300002800279260004400307082000800351084001400359020002200373650001000395520046500405600001000870INLIS00000000000083020250108120147 a0010-0125000003INLIS00000000000016020240510120524 a0010-0524000083 a0010-05240000821 aEnsiklopedi Eksperimen Sains Sederhana (2) :bBentuk, Bunyi, Tenaga, dan Berat Jenis /cTim Listafariska0 aTim Listafariska acetakan ke-1 a72 hlm :bilus ;c25 cm aJakarta :bPT Listafariska Putra,c2006 a503 a503 TIM e a978-979-123-502-3 4aSains aEnsiklopedi ini diperuntukkan buat anak-anak kelas 1 sampai kelas 3 Sekolah Dasar. Ensiklopedi ini berisi percobaan-percobaan sains sederhana dengan menggunakan peralatan-peralatan yang sederhana juga, bahkan dengan menggunakan bahan-bahan apapun yang tersedia. Ensiklopedi pemula ini diharapkan menjadi buku pemula bagi para saintis dan merangsang semangat belajar bagi anak-anak karena dihiasi dengan ilustrasi yang penuh warna dan memikat buat anak-anak. 4aSains